000
00291nam a2200121Ia 4500
005
20251222154404.0
008
251222s9999||||xx |||||||||||||| ||spa||
020
_a
84-01-46249-5
082
_a
828.9/P66
100
_a
"Plaidy, Jean"
245
0
_a
La rebelión contra Enrique II
942
_c
LIB
999
_c
35404
_d
35404